000 00693nas a2200229 4500
001 BR8002031
003 BR-BrBNA
005 20231205084250.0
007 ta
008 230509b bl.|||p| |||| 00| 00por d
040 _aBR-BrBNA
_bpor
_cBiblioteca Nacional de Agricultura
041 _a(Pt)
072 _aP05
100 1 _aNobrega, A.
245 1 _aGas metano: opcao energetica na agricultura fluminense [Rio de Janeiro; Brasil]
650 _aRecurso energetico
650 _aGas
650 _aRio de Janeiro
773 0 _tAgricultura e Pecuaria (Brazil)
_xISSN 0100-249X
_g(Aug 1980), (no. 630) p. 9-10
_wBR8002031
909 _a202311
_bLúcia
_c55
_dLúcia Elande
942 _2AGRIS
_n0
_cANA
999 _c104133
_d104133